000
00271nam a22001097a 4500
082
_a
662.6 SYN'R
100
_a
RICCI, L
_9
75011
245
_a
SYNFUELS ENGINEERING THE TECHNOLOGIES COSTS AND ISSUES
260
_a
NEWYORK
_b
MCGRAW HILL
_c
1982
300
_a
278P
942
_c
BK
999
_c
580509
_d
580509